Йожен Дьолакроа (Запис номер 153452)
[ съкратено ]
| 000 -Лидер | |
|---|---|
| Лидер | 01650nam a2200421 a 4500 |
| 003 - Код на организацията, давaща контролен номер | |
| Код на организацията, даваща контролен номер | BLK |
| 005 - Дата и час на последна редакция | |
| Дата и час на последна редакция | 20230913161348.0 |
| 008 - Елементи от данни с фиксирана дължина | |
| Елементи с фиксирана дължина | 180410b bul|||||r ||||||| ||bul|| |
| 010 ## - Наследен системен номер | |
| LC control number | KNG00159982000 |
| 040 ## - Източник на каталожния запис | |
| Код на библиотеката | BLK |
| 041 ## - Код за език | |
| Език | Български |
| Език за КДБФ | Български |
| 080 ## - УДК | |
| УДК текст | Живопис - художници |
| УДК код | 75.071.1 |
| УДК – определител | (44)(092) |
| УДК – код + определител | 75.071.1(44)(092) |
| 080 ## - УДК | |
| УДК текст | Френски художник,представител на романтизма.(1798-1863) |
| УДК код | 929 Дьолакроа, Йожен |
| УДК – код + определител | 929 Дьолакроа, Йожен |
| 100 1# - Редна дума - Автор | |
| Автор | Вучева, Татяна Иванова |
| R(LIN) | 379901 |
| 245 10 - Сведения за заглавието | |
| Заглавие | Йожен Дьолакроа |
| Авторска отговорност | Татяна Иванова Вучева. |
| 257 ## - Страна на издаване | |
| Страна на създаване/издаване | България |
| 260 ## - Област на издателските данни | |
| Име на издателя | Бълг. художник |
| Година на издаване | 1978 |
| Място на издаване | София |
| 300 ## - Физическа характеристика | |
| Брой страници | 143 с., 16 л. |
| Илюстрации | репрод. |
| Размер | 16 см |
| 380 ## - Жанр | |
| Жанр | Изкуство |
| 490 ## - СЕРИИ (Колекции) | |
| Серия | Библиотека Епохи, майстори, шедьоври |
| 500 ## - Общи забележки | |
| Обща забележка | 9 120 тир. |
| 600 14 - Име на лице, използвано като предмет | |
| За него / За нея | Дьолакроа, Йожен |
| 9 (RLIN) | 66064 |
| 650 #4 - Допълнително описание по предмет – тема | |
| Предметна рубрика | Художници, френски |
| 9 (RLIN) | 249195 |
| 650 #4 - Допълнително описание по предмет – тема | |
| Предметна рубрика | Дьолакроа, Йожен |
| 9 (RLIN) | 66064 |
| 651 #4 - Допълнително описание по предмет - топоним | |
| Географско понятие | Франция |
| 9 (RLIN) | 179722 |
| 653 ## - Ключова дума – ненормативна | |
| Ключови думи | Йожен Дьолакроа |
| 653 ## - Ключова дума – ненормативна | |
| Ключови думи | художници |
| 653 ## - Ключова дума – ненормативна | |
| Ключови думи | романтизъм |
| 653 ## - Ключова дума – ненормативна | |
| Ключови думи | биографии |
| 852 ## - Местоположение | |
| Сигнатура (форматна) | Цб І 16655 |
| Отдел | Хранилище |
| 856 4# - Електронен адрес и достъп | |
| Електронен формат | pdf - файл |
| 856 4# - Електронен адрес и достъп | |
| Електронен формат | pdf - файл |
| 942 ## - АРТИКУЛИ | |
| Вид на библиотечния документ | Книги |
| Скрит в OPAC | Не |
| 944 ## - СЪЗДАВАНЕ И РЕДАКЦИЯ на ЗАПИСА | |
| Създаване/Редакция | Създаване |
| Дата на регистрацията/редакция | 17.04.2014 |
| Номер на служител | Русанова Ирена |
| Служител, извършил регистрацията/редакцията | 30542 |
| 944 ## - СЪЗДАВАНЕ И РЕДАКЦИЯ на ЗАПИСА | |
| Създаване/Редакция | Редакция |
| Дата на регистрацията/редакция | 20.04.2017 |
| Номер на служител | ф / 17.04.2014 |
| Служител, извършил регистрацията/редакцията | Ирена_Линкова |
| 999 ## - СИСТЕМНИ КОНТРОЛНИ НОМЕРА | |
| Koha biblionumber | 153452 |
| Koha biblioitemnumber | 153452 |
| 999 ## - СИСТЕМНИ КОНТРОЛНИ НОМЕРА | |
| Koha biblioitemnumber | 153452 |
| Код за отписване | Код за изгубен артикул | Източник на класификационната схема | Код за повреда | Коз за рестрикции | Код за отдаване | Артикулен № | Име на библиотеката - собственик | Име на библиотеката, в която се намира в момента | Статус (Текущо местоположение) | Дата на вписване в системата | Местоположение - отдел | Цена в лева | Инвентарен номер | Систематично азбучна сигнатура | Баркод | Номер на екземпляра | Цена в евро | Служебна бележка | Служебен тип на артикула |
|---|---|---|---|---|---|---|---|---|---|---|---|---|---|---|---|---|---|---|---|
| Изтеглен | Не е изгубен | Universal Decimal Classification | Не е повреден | без рестрикции | заемане за дома | 257051 | Регионална библиотека "Любен Каравелов" Русе | Регионална библиотека "Любен Каравелов" Русе | Отдел Изкуство - подръчен фонд | 1978-01-01 | Отдел Изкуство - подръчен фонд | 1.18 | 266467 | 75(092)/Д 96 | 266467 | 1 | 0.60 | Дост: Pk Вид: Ф N: стар фонд Дата: 01.01.1978 | Книги |
| Не е изгубен | Universal Decimal Classification | Не е повреден | само за читалня | ползва се в читалня | 257052 | Регионална библиотека "Любен Каравелов" Русе | Регионална библиотека "Любен Каравелов" Русе | Хранилище | 1978-01-01 | Хранилище | 1.18 | 265928 | Цб І 16655 | 120000265928 | 2 | 0.60 | Дост: Dp Вид: Д N: стар фонд Дата: 01.01.1978 | Книги | |
| Не е изгубен | Universal Decimal Classification | Не е повреден | без рестрикции | заемане за дома | 257053 | Регионална библиотека "Любен Каравелов" Русе | Регионална библиотека "Любен Каравелов" Русе | Отдел Изкуство - подръчен фонд | 2017-01-16 | Отдел Изкуство - подръчен фонд | 12.00 | 120000807776 | 75(092)/Д 96 | 120000807776 | 3 | 6.14 | Дост: DA Вид: А N: 4 Дата: 16.01.2017 Дата инв: 06.04.2017 Бележки инв: ИП2017 | Книги |